000 00646nam a2200229Ia 4500
008 160803s9999 xx 000 0 und d
020 _a9780439683920
100 _aOnion, Amanda
245 _aBlackout! :
245 _cAmanda Onion.
260 _aNew York :
260 _bScholastic Inc.
260 _c2004
300 _a24 pages :
300 _billustrations ;
300 _c20 cm.
500 _a"This edition is only available for distribution through the school market."--Page 4 of cover.
650 _aElectric power failures --
650 _aElectric power failures.
650 _xJuvenile literature.
700 _a410
999 _c298181
_d298181